[Event "21st 4NCL Congress"]
[Site "Harrogate"]
[Date "2019.01.19"]
[Round "3"]
[Board "23"]
[White "Potter, Steven"]
[Black "Connor, Michael I"]
[Result "1/2-1/2"]
[WhiteElo "1724"]
[BlackElo "1652"]
[PlyCount "104"]
[EventDate "2019.01.18"]
[EventRounds "5"]
[EventCountry "ENG"]

1. d4 Nf6 2. Bg5 Ne4 3. Bh4 c5 4. d5 d6 5. f3 Qa5+ 6. c3 Nf6 7. Bxf6 gxf6 8.
Nd2 Nd7 9. Nc4 Qc7 10. e4 b5 11. Ne3 Rb8 12. Be2 Rg8 13. Kf2 Ne5 14. f4 Ng6 15.
g3 Bg7 16. Nf3 b4 17. c4 Nf8 18. f5 Nd7 19. Qb3 Nb6 20. a3 a5 21. axb4 a4 22.
Qa3 cxb4 23. Qxb4 Bd7 24. Rhc1 Nxd5 25. cxd5 Qa7 26. Qd4 Qa5 27. Nc4 Qb4 28.
Qc3 Qc5+ 29. Qe3 Qxe3+ 30. Nxe3 Bh6 31. Rc2 Rb3 32. Ra3 Bxe3+ 33. Kg2 Rxa3 34.
bxa3 Bc5 35. Rb2 Kd8 36. Rb8+ Bc8 37. Ra8 Bxa3 38. Rxa4 Bc5 39. Nd4 Kc7 40. Nb3
Bb6 41. Rc4+ Kb7 42. Rb4 Bd7 43. Na5+ Kc7 44. Rc4+ Bc5 45. Rc3 Ra8 46. Nc4 Ra2
47. Kf3 e6 48. Ne3 exf5 49. Nxf5 Bxf5 50. exf5 Rd2 51. Rd3 Rc2 52. g4 Rc1
 1/2-1/2

[Event "21st 4NCL Congress"]
[Site "Harrogate"]
[Date "2019.01.19"]
[Round "3"]
[Board "24"]
[White "Bamford, Paul"]
[Black "Ngulube, Michael"]
[Result "0-1"]
[WhiteElo "1526"]
[BlackElo "1691"]
[PlyCount "92"]
[EventDate "2019.01.18"]
[EventRounds "5"]
[EventCountry "ENG"]

1. d4 d6 2. Nf3 Nf6 3. e3 g6 4. Be2 Bg7 5. c4 O-O 6. Nc3 Nbd7 7. O-O e5 8. b4
b6 9. b5 Bb7 10. a4 a5 11. Ba3 Re8 12. Rc1 e4 13. Ne1 Kh8 14. Nc2 Ng8 15. Qd2
Qg5 16. f4 Qh4 17. Qe1 Qe7 18. g4 Nh6 19. Qf2 Nf8 20. Na1 Bc8 21. h3 Bb7 22.
Nb3 Rad8 23. Kh2 Qd7 24. c5 dxc5 25. dxc5 Qe6 26. Na1 Rd2 27. c6 Bc8 28. Rfd1
Red8 29. Rxd2 Rxd2 30. Bxf8 Bxf8 31. Rd1 Rxd1 32. Bxd1 Bg7 33. Bb3 Nxg4+ 34.
hxg4 Qxg4 35. Qd2 Qh4+ 36. Kg1 Qf6 37. Nxe4 Qxa1+ 38. Bd1 h6 39. Nf2 Kh7 40.
Qd8 Be6 41. Qxc7 Bb3 42. Qd7 Be6 43. Qd6 Qc3 44. Bf3 Qxe3 45. Qd3 Qxf4 46. Bd5
Bd4  0-1

[Event "21st 4NCL Congress"]
[Site "Harrogate"]
[Date "2019.01.19"]
[Round "3"]
[Board "25"]
[White "Bitlloch, Jordi"]
[Black "Roberts, Malcolm A"]
[Result "1-0"]
[WhiteElo "1765"]
[BlackElo "1676"]
[PlyCount "119"]
[EventDate "2019.01.18"]
[EventRounds "5"]
[EventCountry "ENG"]

1. e4 e6 2. d4 d5 3. exd5 exd5 4. c4 c6 5. Nc3 Nf6 6. Bd3 Be7 7. Nge2 dxc4 8.
Bxc4 b5 9. Bb3 Bb7 10. O-O O-O 11. Ng3 g6 12. Bh6 Re8 13. Nce4 Nxe4 14. Nxe4
Bf8 15. Ng5 Bxh6 16. Nxf7 Qe7 17. Nxh6+ Kg7 18. Qd2 Nd7 19. Nf7 c5 20. Qh6+ Kf6
21. Qh4+ Kg7 22. Qxe7 Rxe7 23. Nd6 Bc6 24. d5 c4 25. dxc6 cxb3 26. cxd7 Rxd7
27. Nxb5 Rb8 28. Nc3 bxa2 29. Rxa2 Rbb7 30. g3 Re7 31. Kg2 Re5 32. f4 Rc5 33.
Ne4 Rc2+ 34. Rf2 Rc6 35. Kh3 Re7 36. Ng5 h6 37. Nf3 Rd6 38. Ne5 g5 39. fxg5
Rxe5 40. Rxa7+ Kg6 41. gxh6 Kxh6 42. Raf7 Rh5+ 43. Kg2 Kg6 44. b4 Rb5 45. R7f4
Rb7 46. h4 Rdb6 47. Rg4+ Kh6 48. Rff4 Rd7 49. Rf8 Kh7 50. Rf5 Kh6 51. b5 Rd2+
52. Kh3 Re6 53. Rgg5 Ree2 54. b6 Rh2+ 55. Kg4 Rd4+ 56. Rf4 Rd7 57. Rc4 Rb2 58.
Rc6+ Kh7 59. Kh5 Rb3 60. Rh6#  1-0

[Event "21st 4NCL Congress"]
[Site "Harrogate"]
[Date "2019.01.19"]
[Round "3"]
[Board "26"]
[White "Ross, Andy"]
[Black "Frith, Shane S"]
[Result "1-0"]
[WhiteElo "1735"]
[BlackElo "1626"]
[PlyCount "27"]
[EventDate "2019.01.18"]
[EventRounds "5"]
[EventCountry "ENG"]

1. e4 e6 2. d4 d5 3. Nc3 Bb4 4. a3 Bxc3+ 5. bxc3 Ne7 6. e5 b6 7. Qg4 O-O 8. Bg5
Nd7 9. Bd3 f5 10. exf6 Nxf6 11. Qh4 g6 12. Bxf6 Nf5 13. Bxd8 Nxh4 14. Bxh4  1-0

[Event "21st 4NCL Congress"]
[Site "Harrogate"]
[Date "2019.01.19"]
[Round "3"]
[Board "27"]
[White "Taylor, Robert P"]
[Black "Mendis, Vidura"]
[Result "0-1"]
[WhiteElo "1703"]
[BlackElo "1468"]
[PlyCount "50"]
[EventDate "2019.01.18"]
[EventRounds "5"]
[EventCountry "ENG"]

1. d4 e6 2. Nf3 f5 3. Bf4 Nf6 4. h3 Be7 5. e3 d6 6. Nbd2 O-O 7. c3 b6 8. Bc4
Nc6 9. Qb3 Na5 10. Qc2 Nxc4 11. Nxc4 Ne4 12. Ncd2 Bb7 13. Nxe4 Bxe4 14. Qe2 Qe8
15. Rg1 Qh5 16. O-O-O Bg5 17. g4 Bxf3 18. Qxf3 fxg4 19. hxg4 Qf7 20. Qe4 Bxf4
21. Rh1 Bxe3+ 22. fxe3 Qg6 23. Qc6 Rac8 24. Rdg1 Qd3 25. Re1 Rf2  0-1

[Event "21st 4NCL Congress"]
[Site "Harrogate"]
[Date "2019.01.19"]
[Round "3"]
[Board "28"]
[White "Parry, Jacques H"]
[Black "Shenbagakumar, Gautham"]
[Result "1/2-1/2"]
[WhiteElo "1681"]
[BlackElo "1465"]
[PlyCount "75"]
[EventDate "2019.01.18"]
[EventRounds "5"]
[EventCountry "ENG"]

1. e4 c5 2. Nf3 d6 3. d4 cxd4 4. Nxd4 Nf6 5. Nc3 a6 6. h3 e6 7. g4 Be7 8. Bg2
Nfd7 9. Be3 b5 10. O-O Bb7 11. Qd2 Ne5 12. b3 O-O 13. Nce2 Nbd7 14. Ng3 Rc8 15.
f4 Nc6 16. Rac1 Nc5 17. c4 b4 18. Nxc6 Bxc6 19. Rfd1 a5 20. Bxc5 dxc5 21. Qxd8
Rfxd8 22. e5 Be8 23. Ne4 a4 24. Kf2 a3 25. Ke2 Bc6 26. Rxd8+ Rxd8 27. Nf6+ gxf6
28. Bxc6 fxe5 29. fxe5 Bg5 30. Rd1 Rxd1 31. Kxd1 Bf4 32. Ke2 Bxe5 33. Ke3 Bd4+
34. Kf4 Kg7 35. Be4 f5 36. gxf5 exf5 37. Kxf5 h6 38. Bf3  1/2-1/2